Composing Organizational Patterns More Precisely
Salvato in:
| Autore principale: | |
|---|---|
| Altri autori: | |
| Natura: | Manoscritto Libro |
| Lingua: | slovacco inglese |
| Pubblicazione: |
2021
|
| Soggetti: | |
| Accesso online: | http://is.stuba.sk/zp/portal_zp.pl?podrobnosti=166915 |
| Tags: |
Nessun Tag, puoi essere il primo ad aggiungerne!!
|
MARC
| LEADER | 00000ntm a22000003a 4500 | ||
|---|---|---|---|
| 001 | stuzp83951 | ||
| 003 | SK-STU | ||
| 005 | 20210807210231.7 | ||
| 007 | ta | ||
| 008 | 150427s2015----xo-----f-mn---000-0-slo-d | ||
| 040 | |a STU |b slo | ||
| 041 | 0 | |a eng | |
| 100 | 1 | |a Sulaiman Khail, Waheedullah |u 070200 |k Z3 |4 aut |U FIIT Fakulta informatiky a informačných technológií |T FIIT Ústav informatiky, informačných systémov a softvérového inžinierstva |X 88314 |U I200 |Y 179 |7 88314 | |
| 242 | 0 | 1 | |a Presnejšie skladanie organizačných vzorov |y slo |
| 245 | 1 | 0 | |a Composing Organizational Patterns More Precisely |
| 260 | |c 2021 | ||
| 650 | 4 | |a organizačný vzor |2 slo | |
| 650 | 4 | |a vzor |2 slo | |
| 650 | 4 | |a bezkontextová gramatika |2 slo | |
| 650 | 4 | |a kompozícia vzorov |2 slo | |
| 650 | 4 | |a jazyk vzorov |2 slo | |
| 650 | 4 | |a pattern |2 eng | |
| 650 | 4 | |a organizational pattern |2 eng | |
| 650 | 4 | |a context free grammar |2 eng | |
| 650 | 4 | |a pattern language |2 eng | |
| 650 | 4 | |a pattern composition |2 eng | |
| 700 | 1 | |a Vranić, Valentino |u 070200 |k Z1 |4 ths |U FIIT Fakulta informatiky a informačných technológií |T FIIT Ústav informatiky, informačných systémov a softvérového inžinierstva |X 4235 |U I200 |Y 179 |7 4235 | |
| 856 | 4 | |u http://is.stuba.sk/zp/portal_zp.pl?podrobnosti=166915 | |